01071cam a2200301 i 4500001000500000005001700005020001800022040005500040050001400095082001200109100002800121245006800149250003800217260004600255300005800301505000800359520009600367521002000463521002000483650001700503650001900520650003100539650001700570650004900587650005000636650005000686700003300736283520240116153248.0 a9780763617103 aNjBwBTbengcJBLerdadBDXdOCLCQdOCLCFdTCHdDLC00aPZ7.W113700a823.9141 aWaddell, Martineauthor10aOwl babies /cby Martin Waddell ; illustrated by Patrick Benson aFirst U.S. paperback edition 2002 aMassachusetts :bCandlewick Press ;c1992 a26 unnumbered pages :bcolor illustrations ;c22 cm.  aJ  aThree owl babies whose mother has gone out in the night try to stay calm while she is gone. a500 bLexile  aJ bRaz-Plus  0aBoard books. 1aOwlsvFiction. 1aMother and childvFiction. 1aBoard books. 7aJUVENILE FICTION / Animals / Birds.2bisacsh 7aJUVENILE FICTION / Family / Parents.2bisacsh 7aJUVENILE FICTION / Bedtime & Dreams.2bisacsh1 aBenson, Patrickeillustrator